Normal view
MARC view
- Teri Pub
Entry Personal Name
001 - CONTROL NUMBER
- control field: 19711
003 - CONTROL NUMBER IDENTIFIER
- control field: OSt
005 - DATE AND TIME OF LATEST TRANSACTION
- control field: 20220803171739.0
008 - FIXED-LENGTH DATA ELEMENTS
- fixed length control field: 220803|| aca||aabn | a|a d
040 ## - CATALOGING SOURCE
- Original cataloging agency: OSt
- Transcribing agency: OSt
100 ## - HEADING--PERSONAL NAME
- Personal name: Teri Pub
670 ## - SOURCE DATA FOUND
- Source citation: Work cat.: (OSt)13387: Teri Pub., Defining An Integrated Energy Strategy For India : Ensuring Security Sufficiency And Sustainability, 2002